| 000 -LEADER |
| fixed length control field |
00502pab a2200169 454500 |
| 008 - FIXED-LENGTH DATA ELEMENTS--GENERAL INFORMATION |
| fixed length control field |
180718b xxu||||| |||| 00| 0 eng d |
| 100 ## - MAIN ENTRY--PERSONAL NAME |
| Personal name |
Parikh Kirit |
| 245 ## - TITLE STATEMENT |
| Title |
Economic reforms and agricultural policy |
| 362 ## - DATES OF PUBLICATION AND/OR SEQUENTIAL DESIGNATION |
| Dates of publication and/or sequential designation |
28(29 & 30) 17-24 Jul 93, p.1497-50 |
| 650 ## - SUBJECT ADDED ENTRY--TOPICAL TERM |
| Topical term or geographic name entry element |
Economic Planning -- India |
| 650 ## - SUBJECT ADDED ENTRY--TOPICAL TERM |
| Topical term or geographic name entry element |
Economic Reforms -- India |
| 650 ## - SUBJECT ADDED ENTRY--TOPICAL TERM |
| Topical term or geographic name entry element |
Agriculture -- Policy -- India |
| 700 ## - ADDED ENTRY--PERSONAL NAME |
| Personal name |
Srinivasan P.V. |
| 700 ## - ADDED ENTRY--PERSONAL NAME |
| Personal name |
Jha Shikha |
| 773 ## - HOST ITEM ENTRY |
| Main entry heading |
Economic and Political Weekly |
| 909 ## - |
| -- |
24650 |